000 00869cab a2200277 4500
001 WB2927-51
008 090401t1993 xxu||||| |||| 00| 0 eng d
035 _a(Sirsi) u72323
041 _aeng
245 _aClean water challenge
260 _c1993
350 _a0
490 _aGuardian
_v14 July 1993, 2(2)
520 _aOFWAT`s "Paying for quality: The political perspective" calls for Government to renegotiate EC sewage and drinking water standards. Compliance would be very costly. Regional analysis of costs of water supply and sewerage and pesticide/nitrate problem.
650 _aCLEAN WATER
650 _aDRINKING WATER
650 _aEC STANDARDS
650 _aPESTICIDES
650 _aSEWERAGE
650 _aWATER COMPANIES
650 _aWATER QUALITY
650 _aWATER SUPPLY
690 _aWATER
942 _n0
948 _c04/03/1997
999 _c45683
_d45683